000 00353nam a2200133Ia 4500
008 100328s9999 xx 000 0 und d
082 _b31329
100 _aगोगटे शकुंतला
245 _aदीपदान
260 _bनवचैतन्य
630 _aदीपदान
730 _aदीपदान
942 _cBOOK
999 _c522268
_d522265